[Event "Prague Summer op-B 6th"]
[Site "Prague"]
[Date "2019.08.09"]
[Round "9"]
[White "Lee, Zhia Chen Zachary"]
[Black "Svetly, Jiri"]
[Result "1-0"]
[WhiteElo "1747"]
[BlackElo "1871"]
[PlyCount "75"]
[EventDate "2019.08.02"]
[EventType "swiss"]
[EventRounds "9"]
[EventCountry "CZE"]
[SourceTitle "EXT 2020"]
[Source "ChessBase"]
[SourceDate "2019.10.17"]
[SourceVersion "1"]
[SourceVersionDate "2019.10.17"]
[SourceQuality "1"]

1. c4 Nf6 2. Nc3 e5 3. Nf3 Nc6 4. g3 Bb4 5. Nd5 Bc5 6. d3 h6 7. Bg2 d6 8. 0-0 Nxd5 9. cxd5 Ne7 10. d4 exd4 11. Nxd4 Bg4 12. h3 Bh5 13. b4 Bb6 14. Bb2 0-0 15. Qd2 g5 16. g4 Bg6 17. h4 Qd7 18. Qc3 f6 19. Ne6 gxh4 20. Qh3 Kh7 21. Qxh4 Ng8 22. g5 Rae8 23. Nxf8+ Rxf8 24. gxf6 Qf5 25. e4 Qg5 26. Qxg5 hxg5 27. a4 a6 28. a5 Ba7 29. Rac1 Rf7 30. e5 dxe5 31. Bxe5 g4 32. Rxc7 Rxc7 33. Bxc7 Nxf6 34. Bb6 Bb8 35. Re1 Bd6 36. Bc5 Ne8 37. Bxd6 Nxd6 38. Re7+ 1-0

[Event "Johor op 5th"]
[Site "Johor"]
[Date "2018.12.11"]
[Round "2"]
[White "Bagamasbad, Efren"]
[Black "Lee, Zhia Chen Zachary"]
[Result "1/2-1/2"]
[WhiteElo "2133"]
[BlackElo "1725"]
[PlyCount "143"]
[EventDate "2018.12.10"]
[EventType "swiss"]
[EventRounds "9"]
[EventCountry "MAS"]
[SourceTitle "CBM 187 Extra"]
[Source "ChessBase"]
[SourceDate "2018.11.04"]
[SourceVersion "1"]
[SourceVersionDate "2018.11.04"]
[SourceQuality "1"]

1. d4 d5 2. Nf3 Nf6 3. Bg5 c5 4. Bxf6 gxf6 5. c3 cxd4 6. cxd4 Nc6 7. Nc3 a6 8. e3 Bg4 9. a3 e6 10. Be2 Be7 11. b4 Bxf3 12. Bxf3 f5 13. g3 b5 14. Rc1 Rc8 15. 0-0 0-0 16. Qb3 Qd7 17. Ne2 a5 18. Nf4 axb4 19. axb4 Nxb4 20. Be2 Rb8 21. Rb1 Rb6 22. Rfc1 Rc8 23. Rxc8+ Qxc8 24. Qd1 Qb7 25. Qf1 Bf8 26. Nh5 Kh8 27. Rb2 Qc6 28. Rb1 Qb7 29. Rb3 Nc6 30. Rxb5 Rxb5 31. Bxb5 Be7 32. Bxc6 Qxc6 33. Qb1 Qc7 34. Qb5 Qd8 35. Nf4 Kg7 36. Qe2 Bd6 37. Nd3 Qb6 38. Ne1 Qb1 39. Kg2 Qe4+ 40. f3 Qb1 41. Nd3 Bc7 42. Nf2 Qb4 43. g4 Qd6 44. f4 fxg4 45. Qxg4+ Kh8 46. Qh5 Qf8 47. Kf3 Qg7 48. Qh4 Bd6 49. Ng4 f5 50. Ne5 Bxe5 51. dxe5 Kg8 52. Kf2 Qg6 53. Ke1 Kg7 54. Kd2 Qf7 55. Kd3 Qd7 56. Qf6+ Kg8 57. Kd2 d4 58. Qg5+ Kh8 59. Kd3 dxe3+ 60. Kxe3 Qd5 61. Kf2 Qd2+ 62. Kf3 Qd3+ 63. Kg2 Qe2+ 64. Kh3 Qf3+ 65. Kh4 Qf2+ 66. Qg3 Qxg3+ 67. Kxg3 Kg7 68. Kh4 Kg6 69. Kg3 Kh6 70. Kh4 Kg6 71. Kg3 Kh5 72. Kh3 1/2-1/2

[Event "Hong Kong Jolimark op"]
[Site "Hong Kong"]
[Date "2017.12.24"]
[Round "3"]
[White "Lee, Zhia Chen Zachary"]
[Black "Wei, Feng Xing"]
[Result "1/2-1/2"]
[WhiteElo "1482"]
[BlackElo "1696"]
[PlyCount "54"]
[EventDate "2017.12.23"]
[EventType "swiss"]
[EventRounds "9"]
[EventCountry "HKG"]
[SourceTitle "CBM 182 Extra"]
[Source "ChessBase"]
[SourceDate "2018.02.23"]
[SourceVersion "1"]
[SourceVersionDate "2018.02.23"]
[SourceQuality "1"]

1. d4 Nf6 2. Nf3 e6 3. Bg5 c5 4. c3 d5 5. Nbd2 Nc6 6. e3 Be7 7. Bd3 c4 8. Bc2 0-0 9. 0-0 b5 10. a3 Bb7 11. e4 dxe4 12. Bxf6 exf3 13. Bxe7 Nxe7 14. Nxf3 Nd5 15. Ne5 Qg5 16. Qg4 Qxg4 17. Nxg4 f6 18. Rfe1 Rfe8 19. Be4 Rab8 20. Bxd5 Bxd5 21. f3 a5 22. Ne3 Kf7 23. Kf2 h5 24. g3 Red8 25. Nc2 Rd7 26. Re2 g5 27. h3 a4 1/2-1/2

[Event "Hong Kong Jolimark op"]
[Site "Hong Kong"]
[Date "2017.12.23"]
[Round "2"]
[White "Mattausch, Jason"]
[Black "Lee, Zhia Chen Zachary"]
[Result "0-1"]
[WhiteElo "1511"]
[BlackElo "1482"]
[PlyCount "104"]
[EventDate "2017.12.23"]
[EventType "swiss"]
[EventRounds "9"]
[EventCountry "HKG"]
[SourceTitle "CBM 182 Extra"]
[Source "ChessBase"]
[SourceDate "2018.02.23"]
[SourceVersion "1"]
[SourceVersionDate "2018.02.23"]
[SourceQuality "1"]

1. e4 c6 2. c4 d5 3. cxd5 cxd5 4. exd5 Nf6 5. Nf3 Nxd5 6. d4 Nc6 7. Nc3 g6 8. Bc4 Nxc3 9. bxc3 Bg7 10. 0-0 0-0 11. Re1 Bg4 12. h3 Bxf3 13. Qxf3 e6 14. Bf4 Rc8 15. Bb3 b6 16. Rac1 Na5 17. Qe3 Nxb3 18. axb3 Qd5 19. Rb1 b5 20. Be5 Bxe5 21. dxe5 Rc5 22. c4 bxc4 23. bxc4 Qc6 24. Ra1 Ra8 25. Ra6 Qxa6 26. Qxc5 Rc8 27. Qb5 Qxb5 28. cxb5 Rc5 29. b6 axb6 30. Rb1 b5 31. f4 f6 32. exf6 Kf7 33. g4 Kxf6 34. Rb4 Ke7 35. Kf2 Kd6 36. Rd4+ Rd5 37. Rb4 Kc5 38. Re4 Rd6 39. Re5+ Kc4 40. Re4+ Kb3 41. Re3+ Ka4 42. Re4+ b4 43. Ke3 Ka3 44. Re5 b3 45. Ra5+ Kb4 46. Ra8 Kc3 47. Rc8+ Kb2 48. g5 Ka2 49. Ra8+ Kb1 50. Rb8 b2 51. h4 Ra6 52. Kd2 Ka2 0-1